000 00876pam a2200277 a 4500
001 3978229
003 OSt
005 20160510105603.0
008 950315s1996 maua 001 0 eng
010 _a 95012150
020 _a0201593386
040 _aDLC
_cDLC
_dDLC
050 0 0 _aQA303
_b.B64 1996
082 0 0 _a515
_220
100 1 _aBittinger, Marvin L.
245 1 0 _aCalculus /
_cMarvin L. Bittinger.
246 1 4 _aCalculus and its applications
250 _a6th ed.
260 _aReading, Mass. :
_bAddison-Wesley Pub. Co.,
_cc1996.
300 _axxvi, 582, 34, 7 p. :
_bill. (some col.) ;
_c24 cm.
500 _aIncludes indexes.
650 0 _aCalculus.
906 _a7
_bcbc
_corignew
_d1
_eocip
_f19
_gy-gencatlg
942 _2lcc
_cGEN
999 _c13564
_d13564